The foreigners laws : (Record no. 587136)

000 -LEADER
fixed length control field 01153cam a22003375a 4500
001 - CONTROL NUMBER
control field 17196320
003 - CONTROL NUMBER IDENTIFIER
control field NUST
005 - DATE AND TIME OF LATEST TRANSACTION
control field 20211207093849.0
008 - FIXED-LENGTH DATA ELEMENTS--GENERAL INFORMATION
fixed length control field 120305s2012 pk bl 000 0 eng
010 ## - LIBRARY OF CONGRESS CONTROL NUMBER
LC control number 2011329754
020 ## - INTERNATIONAL STANDARD BOOK NUMBER
International Standard Book Number 9789695570937
025 ## - OVERSEAS ACQUISITION NUMBER
Overseas acquisition number P-E-2011329754; 47
037 ## - SOURCE OF ACQUISITION
Source of stock number/acquisition Library of Congress -- Islamabad Overseas Office
Terms of availability Rs 1800
038 ## - RECORD CONTENT LICENSOR
Staff Name waseem
040 ## - CATALOGING SOURCE
Original cataloging agency DLC
Transcribing agency DLC
042 ## - AUTHENTICATION CODE
Authentication code lcode
043 ## - GEOGRAPHIC AREA CODE
Geographic area code a-pk---
050 00 - LIBRARY OF CONGRESS CALL NUMBER
Classification number KPL2155.A43
Item number .B37 2012
082 ## - DEWEY DECIMAL CLASSIFICATION NUMBER
Classification number 342.083095491
Author Mark BAS
100 1# - MAIN ENTRY--PERSONAL NAME
Personal name Basit, Mohammad Abdul.
9 (RLIN) 85859
245 14 - TITLE STATEMENT
Title The foreigners laws :
Remainder of title upto date and including all amendments and caselaw i.e. [case law] : containing laws relating to foreigners, emigration, passports ... /
Statement of responsibility, etc. by Muhammad Abdul Basit,
260 ## - PUBLICATION, DISTRIBUTION, ETC.
Place of publication, distribution, etc. Rawalpindi :
Name of publisher, distributor, etc. Federal Law House,
Date of publication, distribution, etc. 2020.
300 ## - PHYSICAL DESCRIPTION
Extent 650 p. ;
Dimensions 24 cm.
504 ## - BIBLIOGRAPHY, ETC. NOTE
Bibliography, etc. note Includes bibliographical references.
563 ## - BINDING INFORMATION
Binding note HBK.
650 #0 - SUBJECT ADDED ENTRY--TOPICAL TERM
Topical term or geographic name entry element Aliens
Geographic subdivision Pakistan.
9 (RLIN) 85860
700 1# - ADDED ENTRY--PERSONAL NAME
Personal name Ahmed, Shakil,
Titles and other words associated with a name B.A., LL.B.
9 (RLIN) 85861
906 ## - LOCAL DATA ELEMENT F, LDF (RLIN)
a 7
b ibc
c origode
d 2
e ncip
f 20
g y-gencatlg
942 ## - ADDED ENTRY ELEMENTS (KOHA)
Source of classification or shelving scheme
Koha item type Book
Holdings
Withdrawn status Lost status Source of classification or shelving scheme Damaged status Not for loan Permanent Location Current Location Shelving location Date acquired Source of acquisition Full call number Barcode Date last seen Price effective from Koha item type Total Checkouts
          NUST Law School (NLS) NUST Law School (NLS) Law 12/07/2021 Federal Law House 342.083095491 BAS CL-746 12/07/2021 12/07/2021 Book  
          NUST Law School (NLS) NUST Law School (NLS)   03/03/2025   342.083095491 BAS NLS-617 03/03/2025 03/03/2025 Book  
          NUST Law School (NLS) NUST Law School (NLS)   03/03/2025   342.083095491 BAS NLS-618 03/03/2025 03/03/2025 Book  
© 2023 Central Library, National University of Sciences and Technology. All Rights Reserved.